000
00295nam a2200109Ia 4500
005
20251222141942.0
008
251222s9999||||xx |||||||||||||| ||spa||
082
_a
320.8/A81/T.1/Ej.2
245
0
_a
Descentralización y Gobiernos Locales
264
_b
Asociación Civil Transparencia
942
_c
LIB
999
_c
9396
_d
9396